[Event "9th American Continental (w)"]
[Site "Villa Martelli ARG"]
[Date "2017.09.07"]
[Round "3.6"]
[White "Abarca Gonzalez, Damaris"]
[Black "Martinez, Ayelen"]
[Result "0-1"]
[WhiteElo "2019"]
[BlackElo "2190"]
[EventDate "2017.09.05"]
[PlyCount "60"]

1.e4 c5 2.Nc3 g6 3.g3 Bg7 4.Bg2 Nc6 5.d3 d6 6.Be3 h5 7.h3 Bd7 8.Qd2 Rb8 9.
a4 a6 10.f4 b5 11.axb5 axb5 12.Nge2 b4 13.Nd1 Nd4 14.O-O Qc8 15.Kh2 Nf6 
16.Nxd4 cxd4 17.Bf2 e5 18.b3 Bh6 19.Qe2 h4 20.f5 Nh5 21.Nb2 hxg3+ 22.Bxg3 
Nxg3 23.Kxg3 Bf4+ 24.Rxf4 exf4+ 25.Kxf4 Kf8 26.Ra7 Ra8 27.Rxa8 Qxa8 28.
fxg6 Qd8 29.Kg3 Qh4+ 30.Kh2 Bxh3 0-1

[Event "9th American Continental (w)"]
[Site "Villa Martelli ARG"]
[Date "2017.09.07"]
[Round "3.7"]
[White "Aliaga Fernandez, Ingrid"]
[Black "Palomares, Lujan"]
[Result "1-0"]
[WhiteElo "2182"]
[BlackElo "1259"]
[EventDate "2017.09.05"]
[PlyCount "95"]

1.e4 c6 2.d4 d5 3.Nc3 dxe4 4.Nxe4 Bf5 5.Ng3 Bg6 6.f4 e6 7.Nf3 Nd7 8.Bc4 
Ngf6 9.Qe2 Be7 10.c3 b5 11.Bb3 O-O 12.O-O a5 13.Re1 Re8 14.a3 b4 15.Ba4 c5
16.axb4 axb4 17.Bxd7 Rxa1 18.Bxe8 Qxe8 19.Bd2 Ra2 20.f5 bxc3 21.Bxc3 cxd4 
22.Nxd4 Nd5 23.fxg6 hxg6 24.Qf3 Bc5 25.Qxd5 exd5 26.Rxe8+ Kh7 27.Kf1 g5 
28.Re5 Ra1+ 29.Ke2 Bxd4 30.Bxd4 f6 31.Rxd5 Ra8 32.h3 Kg6 33.Kd3 Rb8 34.Kc4
Rc8+ 35.Rc5 Re8 36.b4 Re1 37.b5 Rb1 38.Bc3 Rg1 39.b6 Rxg2 40.Nf5 Re2 41.b7
Re8 42.Rc8 Re4+ 43.Nd4 Rh4 44.b8=Q Rxh3 45.Rg8 g4 46.Qe8+ Kh6 47.Bd2+ Kh7 
48.Rh8# 1-0

[Event "9th American Continental (w)"]
[Site "Villa Martelli ARG"]
[Date "2017.09.07"]
[Round "3.8"]
[White "Jorquera Cabello, Valentina"]
[Black "Zuriel, Marisa"]
[Result "1-0"]
[WhiteElo "1977"]
[BlackElo "2180"]
[EventDate "2017.09.05"]
[PlyCount "73"]

1.e4 c5 2.Nf3 e6 3.d4 cxd4 4.Nxd4 a6 5.Nc3 Qc7 6.Bd3 Nf6 7.O-O Nc6 8.Nxc6 
dxc6 9.Qe2 e5 10.a4 a5 11.h3 Bc5 12.Kh1 h5 13.Be3 Qb6 14.Nd1 Bxe3 15.Nxe3 
Qxb2 16.f4 exf4 17.Nc4 Qd4 18.e5 Nd5 19.Nd6+ Kf8 20.Bf5 Bxf5 21.Nxf5 Qc3 
22.Rae1 Re8 23.Rf3 Qc5 24.c4 Nc7 25.Nd6 Re7 26.Rxf4 Ne6 27.Rff1 Kg8 28.Qf3
Nd4 29.Qf4 Ne6 30.Qf5 Nd4 31.Qg5 Rd7 32.Ne4 Qe7 33.Nf6+ Kf8 34.Nxd7+ Qxd7 
35.Rd1 Rh6 36.e6 Nxe6 37.Qxh6 1-0

[Event "9th American Continental (w)"]
[Site "Villa Martelli ARG"]
[Date "2017.09.07"]
[Round "3.11"]
[White "Librelato, Kathie Goulart"]
[Black "Amura, Claudia"]
[Result "0-1"]
[WhiteElo "2085"]
[BlackElo "2262"]
[EventDate "2017.09.05"]
[PlyCount "52"]

1.e4 c5 2.Nf3 Nc6 3.d4 cxd4 4.Nxd4 e5 5.Nb5 d6 6.c4 Be7 7.N1c3 a6 8.Na3 f5
9.exf5 Bxf5 10.Bd3 Be6 11.O-O Nf6 12.Nc2 O-O 13.Nd5 Rb8 14.b3 Qd7 15.Ba3 
Bd8 16.Nce3 Kh8 17.Rc1 Nd4 18.Qd2 Nxd5 19.cxd5 Bg8 20.Qb4 Rf6 21.Bxa6 Rg6 
22.Bd3 Nf3+ 23.Kh1 Rh6 24.gxf3 Qh3 25.Ng4 Qxf3+ 26.Kg1 Bxd5 0-1

[Event "9th American Continental (w)"]
[Site "Villa Martelli ARG"]
[Date "2017.09.08"]
[Round "4.1"]
[White "Lujan, Carolina"]
[Black "Chumpitaz Carbajal, Ann"]
[Result "1/2-1/2"]
[WhiteElo "2376"]
[BlackElo "2225"]
[EventDate "2017.09.05"]
[PlyCount "71"]

1.e4 c5 2.Nf3 e6 3.d4 cxd4 4.Nxd4 Nc6 5.Nc3 Qc7 6.Be2 a6 7.O-O Nf6 8.Kh1 
Be7 9.f4 d6 10.Be3 O-O 11.a4 Rd8 12.Bf3 Ne5 13.Qe1 Nc4 14.Bc1 e5 15.Nde2 
Qc5 16.fxe5 dxe5 17.Ng3 Qd4 18.Nd5 Nxd5 19.exd5 Bh4 20.c3 Qb6 21.Qe4 Bxg3 
22.Qxc4 Bf2 23.Qe2 Bh4 24.Qxe5 Bf6 25.Qg3 Bf5 26.Qf2 Qd6 27.Be3 Be5 28.Bd4
Re8 29.Bxe5 Rxe5 30.Qg3 Rae8 31.a5 g6 32.Qh4 Be4 33.c4 Bxf3 34.Rxf3 Re4 
35.Qf2 Qb4 36.h3 1/2-1/2

[Event "9th American Continental (w)"]
[Site "Villa Martelli ARG"]
[Date "2017.09.08"]
[Round "4.2"]
[White "Cori Tello, Deysi"]
[Black "Arribas Robaina, Maritza"]
[Result "1-0"]
[WhiteElo "2389"]
[BlackElo "2273"]
[EventDate "2017.09.05"]
[PlyCount "67"]

1.d4 e6 2.c4 Nf6 3.g3 d5 4.Nf3 Be7 5.Bg2 O-O 6.O-O b6 7.cxd5 exd5 8.Nc3 
Bb7 9.Bf4 Nbd7 10.Rc1 c6 11.Qd3 Re8 12.Bh3 Bb4 13.a3 Bxc3 14.Rxc3 a5 15.
Rc2 Ba6 16.Qd1 Bc4 17.Ne5 Nxe5 18.dxe5 Ne4 19.Rxc4 dxc4 20.Bd7 Nc5 21.Bxe8
Qxe8 22.Qd4 Qe6 23.Rd1 h6 24.Qc3 b5 25.Qe3 Na4 26.Rd6 Qf5 27.e6 fxe6 28.
Be5 Rf8 29.Rxc6 Qb1+ 30.Kg2 Nxb2 31.Bxg7 Kxg7 32.Qe5+ Rf6 33.Rc7+ Kg6 34.
g4 1-0

[Event "9th American Continental (w)"]
[Site "Villa Martelli ARG"]
[Date "2017.09.08"]
[Round "4.3"]
[White "Miranda Llanes, Yerisbel"]
[Black "Aliaga Fernandez, Ingrid"]
[Result "1-0"]
[WhiteElo "2192"]
[BlackElo "2182"]
[EventDate "2017.09.05"]
[PlyCount "89"]

1.d4 d5 2.c4 dxc4 3.Nf3 Nf6 4.e3 e6 5.Bxc4 c5 6.O-O a6 7.b3 Nc6 8.Bb2 cxd4
9.Nxd4 Nxd4 10.Qxd4 Qxd4 11.Bxd4 Bd7 12.Nd2 Bc6 13.Be2 Be7 14.Rac1 O-O 15.
Nc4 Rad8 16.Rfd1 Bb4 17.Ne5 Bd5 18.f3 Ba3 19.Rc3 Rc8 20.e4 Bc6 21.Nxc6 
Rxc6 22.Rxc6 bxc6 23.Bb6 Be7 24.a4 Ra8 25.a5 c5 26.Bc4 Kf8 27.e5 Nd5 28.
Bxd5 exd5 29.Rxd5 Rc8 30.Rd7 c4 31.bxc4 Rxc4 32.Ra7 Bc5+ 33.Kf1 Rc1+ 34.
Ke2 Bb4 35.Rxa6 Re1+ 36.Kd3 Rxe5 37.Ra8+ Ke7 38.a6 Bc5 39.Ra7+ Ke6 40.Rb7 
Bxb6 41.Rxb6+ Kf5 42.Kc4 Re2 43.Rb5+ Kf4 44.Ra5 Rxg2 45.Kd3 1-0

[Event "9th American Continental (w)"]
[Site "Villa Martelli ARG"]
[Date "2017.09.08"]
[Round "4.4"]
[White "Martinez, Ayelen"]
[Black "Cordero Loup, Ely Daniela"]
[Result "1-0"]
[WhiteElo "2190"]
[BlackElo "2005"]
[EventDate "2017.09.05"]
[PlyCount "65"]

1.e4 e6 2.d4 d5 3.Nc3 Nf6 4.e5 Nfd7 5.f4 c5 6.Nf3 Nc6 7.Be3 Rb8 8.Qd2 Qa5 
9.Be2 b5 10.O-O b4 11.Nd1 Ba6 12.Nf2 Be7 13.Kh1 O-O 14.g4 f6 15.Nd3 c4 16.
exf6 Nxf6 17.Nde5 Nxe5 18.Nxe5 c3 19.bxc3 bxc3 20.Qe1 Bxe2 21.Qxe2 Qc7 22.
f5 exf5 23.Rxf5 Nd7 24.Qg2 Nb6 25.Raf1 Qc8 26.Rh5 Qa6 27.Rg1 Qxa2 28.g5 
Bd6 29.g6 Bxe5 30.dxe5 Rb7 31.Rxh7 Re8 32.Rf1 Qc4 33.Rh8+ 1-0

[Event "9th American Continental (w)"]
[Site "Villa Martelli ARG"]
[Date "2017.09.08"]
[Round "4.5"]
[White "Besso, Guadalupe"]
[Black "Vazquez Maccarini, Danitza"]
[Result "1/2-1/2"]
[WhiteElo "1994"]
[BlackElo "2173"]
[EventDate "2017.09.05"]
[PlyCount "82"]

1.Nf3 Nf6 2.d4 e6 3.e3 c5 4.Bd3 b6 5.O-O Bb7 6.c4 cxd4 7.exd4 Be7 8.Nc3 d6
9.Re1 Nbd7 10.h3 h6 11.Bf4 a6 12.Rc1 O-O 13.Qe2 Re8 14.Bh2 Nf8 15.Qe3 N6h7
16.Rcd1 Rc8 17.b4 Ng5 18.Nxg5 Bxg5 19.Qg3 d5 20.c5 bxc5 21.bxc5 Qa5 22.Qf3
f5 23.Bf1 Ng6 24.Rb1 Bc6 25.Qd3 Nf4 26.Bxf4 Bxf4 27.Rb6 Bb5 28.Qc2 Bxf1 
29.Kxf1 e5 30.Nxd5 exd4 31.Re7 Bg5 32.Qxf5 Kh8 33.Nf6 Bxf6 34.Rxf6 Qb5+ 
35.Kg1 Rxe7 36.Qxc8+ Re8 37.Rf8+ Rxf8 38.Qxf8+ Kh7 39.Qf5+ Kh8 40.Qf8+ Kh7
41.Qf5+ Kh8 1/2-1/2

[Event "9th American Continental (w)"]
[Site "Villa Martelli ARG"]
[Date "2017.09.08"]
[Round "4.6"]
[White "Cosme Contreras, Trilce"]
[Black "Carraro, Denise"]
[Result "1-0"]
[WhiteElo "1872"]
[BlackElo "2071"]
[EventDate "2017.09.05"]
[PlyCount "93"]

1.c4 e5 2.Nc3 Nc6 3.g3 g6 4.Bg2 Bg7 5.Rb1 d6 6.d3 f5 7.e3 Nf6 8.Nge2 O-O 
9.O-O Be6 10.b4 Rb8 11.b5 Ne7 12.Ba3 g5 13.f4 gxf4 14.exf4 b6 15.Qb3 Rf7 
16.Rbe1 Ng6 17.Nd1 d5 18.c5 bxc5 19.fxe5 Nd7 20.d4 c6 21.dxc5 Rxb5 22.Qc2 
Bxe5 23.Ndc3 Rb8 24.Qa4 Qc7 25.Nd4 Bxd4+ 26.Qxd4 Nde5 27.Nd1 Re8 28.Bb2 
Bc8 29.h4 h5 30.Kh1 Rfe7 31.Nf2 Ba6 32.Rg1 Ng4 33.Rxe7 Qxe7 34.Nxg4 fxg4 
35.Kh2 Qe5 36.Qf2 Qe6 37.Rd1 Ne5 38.Qf4 Nf3+ 39.Bxf3 Qg6 40.Bg2 Re2 41.Rd2
Re8 42.Rf2 Bc4 43.Qd4 Kh7 44.Rf6 Qg7 45.Qf4 Re7 46.Qf5+ Kg8 47.Rg6 1-0

[Event "9th American Continental (w)"]
[Site "Villa Martelli ARG"]
[Date "2017.09.08"]
[Round "4.7"]
[White "Amura, Claudia"]
[Black "Jorquera Cabello, Valentina"]
[Result "1/2-1/2"]
[WhiteElo "2262"]
[BlackElo "1977"]
[EventDate "2017.09.05"]
[PlyCount "120"]

1.d4 Nf6 2.c4 g6 3.Nc3 Bg7 4.e4 d6 5.Nf3 O-O 6.Be3 e5 7.dxe5 dxe5 8.Qxd8 
Rxd8 9.Nd5 Nxd5 10.cxd5 c6 11.Bc4 h6 12.Rc1 cxd5 13.Bxd5 Na6 14.a3 Rd7 15.
O-O Nc7 16.Bb3 b6 17.Rfd1 Rxd1+ 18.Rxd1 Be6 19.Bxe6 Nxe6 20.Kf1 Rd8 21.
Rxd8+ Nxd8 22.Ke2 f5 23.Kd3 Kf7 24.Nh4 f4 25.Bd2 Bf6 26.Nf3 Ke6 27.Kc4 a6 
28.a4 Be7 29.Ne1 Nb7 30.f3 g5 31.Nd3 Nd6+ 32.Kc3 Nf7 33.Be1 Kd7 34.Kc4 Kc6
35.Bb4 b5+ 36.axb5+ axb5+ 37.Kb3 Bd8 38.Bc3 Bc7 39.Nb4+ Kc5 40.Na6+ Kb6 
41.Nb4 Kc5 42.Nd3+ Kc6 43.Bb4 h5 44.h3 Bb6 45.Be7 Bd4 46.Nb4+ Kd7 47.Nd5 
Ke6 48.Bb4 g4 49.hxg4 hxg4 50.fxg4 Ng5 51.Nc7+ Kf6 52.Nxb5 Bxb2 53.Kxb2 
Nxe4 54.Be1 Kg5 55.Nc3 Nf6 56.Kc2 Nxg4 57.Ne4+ Kf5 58.Kd3 Ne3 59.g3 Nf1 
60.gxf4 exf4 1/2-1/2

[Event "9th American Continental (w)"]
[Site "Villa Martelli ARG"]
[Date "2017.09.08"]
[Round "4.8"]
[White "Fernandez, Maria Florencia"]
[Black "Nejanky, Maisa"]
[Result "0-1"]
[WhiteElo "2199"]
[BlackElo "2018"]
[EventDate "2017.09.05"]
[PlyCount "136"]

1.d4 f5 2.c4 Nf6 3.Nc3 e6 4.Nf3 Bb4 5.g3 Ne4 6.Qc2 O-O 7.Bg2 d6 8.O-O Bxc3
9.bxc3 Nd7 10.Ne1 Nef6 11.a4 a5 12.f3 Nb6 13.Qd3 Bd7 14.e4 Nxa4 15.Ba3 Ne8
16.f4 fxe4 17.Bxe4 Nf6 18.Bg2 Re8 19.Rb1 Bc6 20.d5 exd5 21.cxd5 Bd7 22.
Rxb7 Nb6 23.Nc2 Bc8 24.Rxb6 cxb6 25.Nd4 Ba6 26.c4 Rc8 27.Rc1 b5 28.Nc6 
bxc4 29.Qd4 Qd7 30.Bb2 Re2 31.Bf3 Ree8 32.Bc3 a4 33.Rb1 Qf5 34.Rd1 Qd7 35.
Kg2 Ra8 36.h3 h5 37.Rg1 Bc8 38.Rh1 a3 39.Qxc4 a2 40.Ba1 Ra3 41.Nd4 Ree3 
42.Qc2 Re1 43.f5 Rae3 44.Rxe1 Rxe1 45.Qxa2 Qc7 46.Nc6 Bxf5 47.Bxf6 gxf6 
48.Qd2 Rb1 49.Qe2 Kf8 50.Bxh5 Qd7 51.g4 Bh7 52.Qf3 Kg7 53.Nd4 Rb2+ 54.Kg3 
Qe7 55.Ne6+ Kg8 56.Qc3 Rc2 57.Qa1 Rc8 58.h4 Be4 59.Qd4 Bb1 60.g5 fxg5 61.
hxg5 Rb8 62.Bg4 Qh7 63.Bf3 Bf5 64.Qf4 Qh3+ 65.Kf2 Rb2+ 66.Kg1 Rb1+ 67.Kf2 
Qf1+ 68.Kg3 Qe1+ 0-1

[Event "9th American Continental (w)"]
[Site "Villa Martelli ARG"]
[Date "2017.09.08"]
[Round "4.9"]
[White "Zuriel, Marisa"]
[Black "Ocampo Garcia, Derly Ginneth"]
[Result "1-0"]
[WhiteElo "2180"]
[BlackElo "1821"]
[EventDate "2017.09.05"]
[PlyCount "99"]

1.e4 e5 2.Nf3 Nc6 3.Bc4 Bc5 4.O-O Nf6 5.d3 d6 6.c3 O-O 7.Bb3 h6 8.Nbd2 a6 
9.Re1 Bg4 10.h3 Bh5 11.Nf1 Bg6 12.Ng3 Bh7 13.Nh2 Kh8 14.Qf3 Bg6 15.Nf5 
Bxf5 16.Qxf5 Ne7 17.Qf3 Ng6 18.g3 Nh7 19.h4 Qd7 20.Be3 Bxe3 21.fxe3 Nf6 
22.Kg2 c6 23.Rad1 a5 24.a3 Qc7 25.Rd2 Rad8 26.Rf2 b5 27.Qe2 Ne7 28.Ref1 
Neg8 29.g4 Rd7 30.g5 Nh7 31.g6 Nhf6 32.gxf7 Rfxf7 33.Bxf7 Rxf7 34.Qf3 h5 
35.Qg3 Nh6 36.Qg5 Kh7 37.Rf3 Qd7 38.Kh1 Qe7 39.Rg1 Qf8 40.Qg6+ Kh8 41.Rff1
Qe7 42.Nf3 Nhg8 43.Ng5 Rf8 44.Rf3 Qe8 45.Qxe8 Rxe8 46.Nf7+ Kh7 47.Nxd6 Rd8
48.Nf7 Rxd3 49.Nxe5 Rd2 50.Rfg3 1-0

[Event "9th American Continental (w)"]
[Site "Villa Martelli ARG"]
[Date "2017.09.08"]
[Round "4.10"]
[White "Alboredo, Julia"]
[Black "Palomares, Lujan"]
[Result "1-0"]
[WhiteElo "2120"]
[BlackElo "1259"]
[EventDate "2017.09.05"]
[PlyCount "67"]

1.e4 c6 2.d4 d5 3.exd5 cxd5 4.c4 Nf6 5.Nc3 e6 6.Nf3 Bb4 7.cxd5 Nxd5 8.Bd2 
Nxc3 9.bxc3 Be7 10.Bd3 O-O 11.O-O Nc6 12.Qe2 Bf6 13.Bf4 Re8 14.Rab1 Qa5 
15.Qc2 g6 16.Rfe1 e5 17.dxe5 Nxe5 18.Nxe5 Bxe5 19.Rb5 Bf5 20.Rxa5 Bxf4 21.
Rf1 b6 22.Ra4 Bd6 23.Bxf5 gxf5 24.Qxf5 Re5 25.Rg4+ Kf8 26.Qf6 Re6 27.Qh8+ 
Ke7 28.Qxa8 a5 29.Rg8 Bc7 30.Qb7 Kd7 31.Rc8 Rc6 32.Rd1+ Ke7 33.Qxc6 Be5 
34.Rd7# 1-0

[Event "9th American Continental (w)"]
[Site "Villa Martelli ARG"]
[Date "2017.09.08"]
[Round "4.11"]
[White "Strgacich, Aylen"]
[Black "Abarca Gonzalez, Damaris"]
[Result "1-0"]
[WhiteElo "1897"]
[BlackElo "2019"]
[EventDate "2017.09.05"]
[PlyCount "95"]

1.d4 d5 2.c4 c6 3.Nf3 dxc4 4.g3 Bf5 5.Nc3 Nf6 6.Bg2 Nbd7 7.Nh4 Be6 8.f4 g6
9.e4 Nb6 10.O-O Bg7 11.f5 gxf5 12.Nxf5 Bxf5 13.Rxf5 Qd7 14.Be3 e6 15.Rf1 
h5 16.h3 e5 17.d5 Qd6 18.Qe2 Bh6 19.Rad1 Bxe3+ 20.Qxe3 O-O-O 21.dxc6 Qxc6 
22.Nd5 Nfxd5 23.exd5 Nxd5 24.Qxa7 Rh7 25.Kh2 h4 26.Qa8+ Kc7 27.Qa5+ Qb6 
28.Rxd5 Qxa5 29.Rxa5 hxg3+ 30.Kh1 Rd2 31.Rc5+ Kb6 32.Rxc4 Rxb2 33.Rc3 Rg7 
34.Rb3+ Rxb3 35.axb3 Kc5 36.Rf5 Kd4 37.Bxb7 e4 38.Rf4 f5 39.Bc8 Rc7 40.
Bxf5 Ke3 41.Rf1 Rc2 42.Kg1 Re2 43.b4 g2 44.Rb1 Kf4 45.Bg4 Rd2 46.b5 e3 47.
b6 e2 48.Bxe2 1-0

[Event "9th American Continental (w)"]
[Site "Villa Martelli ARG"]
[Date "2017.09.08"]
[Round "4.12"]
[White "Librelato, Ana Julia Goulart"]
[Black "Coelho, Tatiane Cristina"]
[Result "1/2-1/2"]
[WhiteElo "1667"]
[BlackElo "1777"]
[EventDate "2017.09.05"]
[PlyCount "144"]

1.e4 e5 2.Nf3 Nc6 3.Bb5 a6 4.Ba4 Nf6 5.O-O Be7 6.Re1 b5 7.Bb3 d6 8.c3 O-O 
9.h3 Nb8 10.d4 Nbd7 11.Nbd2 Bb7 12.Bc2 Re8 13.Nf1 Bf8 14.Ng3 g6 15.Bd2 h6 
16.Nh2 c5 17.d5 c4 18.Be3 Rc8 19.Qd2 Kh7 20.a4 Nc5 21.axb5 axb5 22.Ra3 Ra8
23.Bxc5 dxc5 24.Rea1 Rxa3 25.Rxa3 h5 26.Qc1 Qb6 27.Qa1 Bd6 28.Nf3 Re7 29.
Nh4 Re8 30.Bd1 Be7 31.Nf3 Bd6 32.Nh4 Qd8 33.Ra7 Qb8 34.Nf3 Kg8 35.Ra5 Bc8 
36.Ra8 Qb6 37.Nh4 Bb7 38.Ra3 Bc8 39.Qc1 Bf8 40.Qa1 Bh6 41.Nf3 Bf4 42.Bc2 
Bb7 43.Ra7 Bxg3 44.fxg3 Bc8 45.Ng5 Bd7 46.Ra6 Qd8 47.Rd6 Nh7 48.Nxh7 Kxh7 
49.Qa7 Re7 50.Qxc5 Qe8 51.Rf6 Kg7 52.Rf1 Bc8 53.b3 cxb3 54.Bxb3 Ba6 55.Qb6
Bc8 56.c4 bxc4 57.Bxc4 f5 58.Qe3 fxe4 59.Qxe4 Bf5 60.Qe2 Qc8 61.Rd1 Rc7 
62.Qxe5+ Kh7 63.Bf1 Qb7 64.d6 Rd7 65.Bb5 Rf7 66.Bc4 Rd7 67.Be6 Bxe6 68.
Qxe6 Kg7 69.Kh2 Qc6 70.Rd5 Rf7 71.d7 Qxe6 72.d8=Q Qe7 1/2-1/2

[Event "9th American Continental (w)"]
[Site "Villa Martelli ARG"]
[Date "2017.09.08"]
[Round "4.13"]
[White "Bosco, Giuliana"]
[Black "Librelato, Kathie Goulart"]
[Result "1-0"]
[WhiteElo "1582"]
[BlackElo "2085"]
[EventDate "2017.09.05"]
[PlyCount "45"]

1.e4 e5 2.Nf3 Nf6 3.Nxe5 d6 4.Nf3 Nxe4 5.Nc3 Nxc3 6.dxc3 Be7 7.Bf4 Nc6 8.
Qd2 Be6 9.Bd3 O-O 10.O-O-O Rb8 11.Qe3 Re8 12.Qe4 g6 13.h4 Bf8 14.Rde1 Qd7 
15.Qa4 a6 16.Bd2 b5 17.Qf4 a5 18.h5 b4 19.hxg6 fxg6 20.Ng5 Ne5 21.Rxh7 Qa4
22.Qf6 Nxd3+ 23.cxd3 1-0

[Event "9th American Continental (w)"]
[Site "Villa Martelli ARG"]
[Date "2017.09.10"]
[Round "5.1"]
[White "Chumpitaz Carbajal, Ann"]
[Black "Miranda Llanes, Yerisbel"]
[Result "1/2-1/2"]
[WhiteElo "2225"]
[BlackElo "2192"]
[EventDate "2017.09.05"]
[PlyCount "104"]

1.c4 e5 2.g3 Nc6 3.Bg2 Nf6 4.Nc3 Bb4 5.Nh3 Bxc3 6.bxc3 O-O 7.O-O d6 8.f3 
d5 9.cxd5 Nxd5 10.Ba3 Re8 11.Nf2 Na5 12.Qc2 Nc4 13.Bc1 h6 14.e4 Ne7 15.d3 
Nb6 16.Be3 Be6 17.a4 Qd6 18.Rfb1 Reb8 19.a5 Nd7 20.d4 Bc4 21.Rd1 Nf8 22.
Ng4 Nfg6 23.Qa4 Qc6 24.Qa3 exd4 25.cxd4 Qd6 26.Rdc1 Be6 27.Qxd6 cxd6 28.
Nf2 d5 29.Rc7 b5 30.Nd3 Rc8 31.Rac1 dxe4 32.Rxc8+ Rxc8 33.Rxc8+ Bxc8 34.
fxe4 Nc6 35.d5 Nxa5 36.Bxa7 f6 37.Bd4 Nc4 38.Nc5 Kf7 39.Bf1 Nd2 40.Be2 Ke7
41.Bc3 Nc4 42.Bb4 Kd8 43.Nd3 Ne7 44.Nf4 g5 45.Ng2 f5 46.Bd3 fxe4 47.Bxe4 
Bb7 48.Kf2 Kd7 49.Ne3 Nxe3 50.Kxe3 Bxd5 51.Bxe7 Bxe4 52.Bf8 Bf5 1/2-1/2

[Event "9th American Continental (w)"]
[Site "Villa Martelli ARG"]
[Date "2017.09.10"]
[Round "5.2"]
[White "Martinez, Ayelen"]
[Black "Lujan, Carolina"]
[Result "1/2-1/2"]
[WhiteElo "2190"]
[BlackElo "2376"]
[EventDate "2017.09.05"]
[PlyCount "36"]

1.e4 c5 2.Nf3 Nc6 3.d4 cxd4 4.Nxd4 e5 5.Nb5 d6 6.N1c3 a6 7.Na3 Be6 8.Nc4 
Rb8 9.g3 Be7 10.Ne3 Nf6 11.Bg2 h5 12.h4 Ng4 13.Ned5 Rc8 14.f3 Nf6 15.Be3 
b5 16.a3 Rb8 17.Qd2 Qd7 18.O-O O-O 1/2-1/2

[Event "9th American Continental (w)"]
[Site "Villa Martelli ARG"]
[Date "2017.09.10"]
[Round "5.3"]
[White "Cosme Contreras, Trilce"]
[Black "Cori Tello, Deysi"]
[Result "0-1"]
[WhiteElo "1872"]
[BlackElo "2389"]
[EventDate "2017.09.05"]
[PlyCount "228"]

1.c4 e6 2.Nc3 d5 3.d4 Nf6 4.Nf3 Nbd7 5.Bf4 Bb4 6.e3 c5 7.Bd3 cxd4 8.exd4 
dxc4 9.Bxc4 Qa5 10.O-O Bxc3 11.bxc3 O-O 12.Qb3 Qf5 13.Bd6 Re8 14.Rad1 b6 
15.Bd3 Qh5 16.Qb5 Qxb5 17.Bxb5 Ne4 18.Bc6 Nxd6 19.Bxa8 Ba6 20.Rfe1 Rxa8 
21.d5 e5 22.Nxe5 Nxe5 23.Rxe5 Kf8 24.Rde1 Bc4 25.a3 Rd8 26.f4 Nb5 27.d6 
Nxd6 28.Rd1 g6 29.g4 Be6 30.f5 gxf5 31.gxf5 Bb3 32.Rd4 Kg7 33.Kf2 Kf6 34.
Re3 Bc2 35.Kf3 Bxf5 36.Kf4 Be6 37.h4 b5 38.Re5 Rg8 39.Rg5 Rxg5 40.hxg5+ 
Ke7 41.a4 a6 42.axb5 Nxb5 43.Ra4 Nxc3 44.Rxa6 Kf8 45.Ra1 Kg7 46.Re1 Kg6 
47.Rh1 Nd5+ 48.Ke5 Ne7 49.Kf4 Kg7 50.Rh2 Ng6+ 51.Ke4 Bg4 52.Rh1 Nf8 53.Kf4
Be2 54.Rh2 Bd3 55.Rh1 Ne6+ 56.Kg4 Be2+ 57.Kf5 Bf3 58.Rh4 Bb7 59.Rc4 Ba6 
60.Rh4 Bc8 61.Rh2 Nd4+ 62.Ke4 Nf5 63.Kf4 Kg6 64.Rh1 Be6 65.Rh2 Bc4 66.Rh1 
Be2 67.Rh2 Bc4 68.Rh1 Nd4 69.Rh6+ Kg7 70.Rh2 Ba6 71.Rh4 Ne6+ 72.Kf5 Bd3+ 
73.Kg4 Kf8 74.Rh3 Be2+ 75.Kf5 Ke7 76.Rh2 Bd3+ 77.Kg4 Ng7 78.Rd2 Bg6 79.Kf4
f6 80.gxf6+ Kxf6 81.Rd6+ Ne6+ 82.Kg4 Ke5 83.Ra6 Bd3 84.Ra3 Be2+ 85.Kh4 Kf5
86.Re3 Bb5 87.Kh5 Be8+ 88.Kh6 Bg6 89.Re5+ Kf6 90.Ra5 Bd3 91.Ra7 Ng5 92.Ra5
Nf7+ 93.Kh5 Bg6+ 94.Kh4 Ne5 95.Ra6+ Kf5 96.Ra5 Be8 97.Rc5 Kf4 98.Rc7 Bg6 
99.Ra7 Nf3+ 100.Kh3 Bf5+ 101.Kg2 Ng5 102.Ra3 h5 103.Rc3 h4 104.Ra3 Be4+ 
105.Kh2 Kg4 106.Ra4 Nf3+ 107.Kg2 Nd2+ 108.Kh2 h3 109.Kg1 Kg3 110.Ra3+ Bf3 
111.Rxf3+ Nxf3+ 112.Kh1 Ne1 113.Kg1 Nd3 114.Kh1 Nf2+ 0-1

[Event "9th American Continental (w)"]
[Site "Villa Martelli ARG"]
[Date "2017.09.10"]
[Round "5.4"]
[White "Arribas Robaina, Maritza"]
[Black "Besso, Guadalupe"]
[Result "1-0"]
[WhiteElo "2273"]
[BlackElo "1994"]
[EventDate "2017.09.05"]
[PlyCount "133"]

1.e4 c5 2.Nf3 Nc6 3.c3 Nf6 4.e5 Nd5 5.Bc4 Nb6 6.Be2 d6 7.exd6 e6 8.d4 cxd4
9.Nxd4 Nxd4 10.Qxd4 Qxd6 11.Qe3 Bd7 12.O-O Qc7 13.Nd2 Bc5 14.Qg5 Bf8 15.
Re1 h6 16.Qh5 Be7 17.Ne4 Bc6 18.Bb5 O-O-O 19.Bxc6 Qxc6 20.Bf4 Nd5 21.Be5 
f6 22.Bd4 Nf4 23.Qf3 e5 24.g3 Ne6 25.Be3 Kb8 26.Nd2 Qxf3 27.Nxf3 Rd7 28.
Rad1 Rhd8 29.Rxd7 Rxd7 30.Kf1 Bc5 31.Nh4 Bxe3 32.Rxe3 Rd2 33.Re2 Rd1+ 34.
Kg2 Rd6 35.Nf5 Rd5 36.Kh3 e4 37.Ne3 Ng5+ 38.Kg4 Ra5 39.h4 Nf7 40.b3 g6 41.
Rd2 Rc5 42.c4 f5+ 43.Kh3 h5 44.Kg2 Rc7 45.f3 Re7 46.Nd5 exf3+ 47.Kxf3 Re1 
48.Kf2 Ra1 49.Re2 Nd6 50.Re6 Ne4+ 51.Ke3 a6 52.Rxg6 Rxa2 53.Kf4 Rf2+ 54.
Ke5 Rf3 55.b4 Ka7 56.c5 a5 57.b5 Rxg3 58.b6+ Kb8 59.Rh6 Rg8 60.Rxh5 a4 61.
Rxf5 Nxc5 62.Nf6 Rd8 63.Rf3 Nd3+ 64.Ke6 a3 65.Nd7+ Kc8 66.Rxd3 Rh8 67.Rxa3
1-0

[Event "9th American Continental (w)"]
[Site "Villa Martelli ARG"]
[Date "2017.09.10"]
[Round "5.5"]
[White "Vazquez Maccarini, Danitza"]
[Black "Jorquera Cabello, Valentina"]
[Result "1-0"]
[WhiteElo "2173"]
[BlackElo "1977"]
[EventDate "2017.09.05"]
[PlyCount "123"]

1.e4 c5 2.Nf3 Nc6 3.Bb5 g6 4.Bxc6 dxc6 5.d3 Bg7 6.h3 e5 7.Nc3 Qe7 8.Be3 
Nf6 9.Qd2 O-O 10.Bh6 Rd8 11.Bxg7 Kxg7 12.Qg5 Re8 13.g4 h6 14.Qe3 Rh8 15.
O-O-O b5 16.g5 Nh5 17.gxh6+ Rxh6 18.Ne2 Bd7 19.Rdg1 a5 20.Ng3 Nxg3 21.Rxg3
a4 22.h4 Rah8 23.Rhg1 b4 24.Qg5 f6 25.Qe3 Be8 26.b3 Bf7 27.Rh1 axb3 28.
axb3 Ra8 29.Kd2 Rh5 30.Rb1 Ra2 31.Qe2 Qd6 32.Ke1 Rh8 33.Kf1 Qd7 34.Kg2 Be6
35.Qd1 Bg4 36.Nxe5 Bxd1 37.Nxd7 Bxc2 38.Rh1 Bxb3 39.Nxc5 Bc2 40.h5 g5 41.
Ne6+ Kh6 42.Rf3 Rg8 43.Rxf6+ Kh7 44.Rf7+ Kh8 45.Nf8 Rg7 46.Rxg7 Kxg7 47.
h6+ Kh8 48.h7 Ra8 49.Ng6+ Kg7 50.h8=Q+ Rxh8 51.Rxh8 Kxg6 52.Rb8 b3 53.Kf3 
Kf6 54.d4 Bd1+ 55.Ke3 Bc2 56.f3 Bd1 57.Rb6 Ke7 58.Rxc6 g4 59.fxg4 Bxg4 60.
Rb6 Bd1 61.Kd2 Bc2 62.e5 1-0

[Event "9th American Continental (w)"]
[Site "Villa Martelli ARG"]
[Date "2017.09.10"]
[Round "5.6"]
[White "Carraro, Denise"]
[Black "Amura, Claudia"]
[Result "1/2-1/2"]
[WhiteElo "2071"]
[BlackElo "2262"]
[EventDate "2017.09.05"]
[PlyCount "60"]

1.e4 c5 2.Nf3 Nc6 3.d4 cxd4 4.Nxd4 g6 5.Nc3 Bg7 6.Nb3 Nf6 7.Be2 O-O 8.O-O 
a5 9.a4 Nb4 10.Re1 d5 11.exd5 Nfxd5 12.Nxd5 Qxd5 13.Qxd5 Nxd5 14.c3 Bd7 
15.Bg5 h6 16.Bf3 e6 17.Bxd5 exd5 18.Be3 b5 19.Red1 bxa4 20.Nc5 Bc6 21.Nxa4
Rab8 22.Nb6 Rfd8 23.Bc5 Be5 24.Rxa5 Bc7 25.Ra6 Bb5 26.Ra5 Be2 27.Re1 Re8 
28.Nd7 Bxa5 29.Nxb8 Rxb8 30.b4 Bxb4 1/2-1/2

[Event "9th American Continental (w)"]
[Site "Villa Martelli ARG"]
[Date "2017.09.10"]
[Round "5.7"]
[White "Aliaga Fernandez, Ingrid"]
[Black "Alboredo, Julia"]
[Result "1-0"]
[WhiteElo "2182"]
[BlackElo "2120"]
[EventDate "2017.09.05"]
[PlyCount "79"]

1.e4 c5 2.Nf3 d6 3.Bb5+ Nd7 4.Nc3 a6 5.Bxd7+ Bxd7 6.d4 cxd4 7.Qxd4 Rc8 8.
Bg5 h6 9.Bh4 e5 10.Qd3 g5 11.Bg3 Nf6 12.Nxe5 dxe5 13.Bxe5 Be7 14.O-O-O Rc6
15.Nd5 Rg8 16.Rd2 Ng4 17.Bg3 h5 18.h3 Nh6 19.Rhd1 h4 20.Bc7 Rxc7 21.Nxc7+ 
Qxc7 22.Qxd7+ Qxd7 23.Rxd7 f5 24.Rxb7 Rg6 25.exf5 Nxf5 26.Re1 Kf8 27.f3 
Bd6 28.Kb1 Bf4 29.Rd1 Ke8 30.a4 Ne3 31.Rd2 Rc6 32.c3 Rc4 33.a5 Rc5 34.Rdd7
Rc8 35.Rh7 Bd6 36.Rh6 Nc4 37.Ra7 Rb8 38.b4 Rc8 39.Rxa6 Be5 40.Rac6 1-0

[Event "9th American Continental (w)"]
[Site "Villa Martelli ARG"]
[Date "2017.09.10"]
[Round "5.8"]
[White "Nejanky, Maisa"]
[Black "Zuriel, Marisa"]
[Result "1/2-1/2"]
[WhiteElo "2018"]
[BlackElo "2180"]
[EventDate "2017.09.05"]
[PlyCount "101"]

1.e4 c6 2.d4 d5 3.Nc3 dxe4 4.Nxe4 Bf5 5.Ng3 Bg6 6.Nf3 Nd7 7.h4 h6 8.h5 Bh7
9.Bd3 Bxd3 10.Qxd3 Ngf6 11.Bf4 e6 12.O-O-O Qa5 13.Kb1 O-O-O 14.c4 Be7 15.
Qc2 Nb6 16.Rhe1 Qa4 17.b3 Qa6 18.Ne5 Rhf8 19.d5 Bb4 20.dxe6 fxe6 21.Ng6 
Rfe8 22.Rxd8+ Kxd8 23.Rd1+ Kc8 24.Qd3 Qa5 25.Ne5 Be7 26.Qe2 Bf8 27.Ng6 Bb4
28.Ne5 Nbd7 29.Nf7 e5 30.Bd2 Re6 31.Nf5 Bxd2 32.Rxd2 Ne4 33.N7d6+ Nxd6 34.
Nxd6+ Kc7 35.Ne4 Nc5 36.Nxc5 Qxc5 37.Qd3 Qe7 38.Qe3 b6 39.Qg3 Qf6 40.Qd3 
Qe7 41.c5 bxc5 42.Qa6 Kb8 43.Qa5 Kb7 44.Qd8 Qxd8 45.Rxd8 Re7 46.Kc2 Kc7 
47.Ra8 Kd6 48.Kd3 e4+ 49.Ke3 Kd5 50.Rd8+ Ke5 51.Rc8 1/2-1/2